<?xml version="1.0" encoding="utf-8"?>
<?xml-stylesheet type='text/xsl' href='./oai2.xsl'?>
<OAI-PMH xmlns="http://www.openarchives.org/OAI/2.0/" xmlns:xsi="http://www.w3.org/2001/XMLSchema-instance" xsi:schemaLocation="http://www.openarchives.org/OAI/2.0/ http://www.openarchives.org/OAI/2.0/OAI-PMH.xsd">
  <responseDate>2026-06-07T00:59:36Z</responseDate>
  <request verb="GetRecord" metadataPrefix="marcxml" identifier="record_kuniweb_414296">https://kulturerbe.niedersachsen.de/oai</request>
  <GetRecord>
    <record>
      <header>
        <identifier>record_kuniweb_414296</identifier>
        <datestamp>2026-03-31T19:09:18Z</datestamp>
        <setSpec>slg0184</setSpec>
      </header>
      <metadata>
        <marc:record xmlns:marc="http://www.loc.gov/MARC21/slim" xsi:schemaLocation="http://www.loc.gov/MARC21/slim http://www.loc.gov/standards/marcxml/schema/MARC21slim.xsd">
          <marc:leader>12345nkm  22     uu 4500</marc:leader>
          <marc:controlfield tag="001">414296</marc:controlfield>
          <marc:controlfield tag="003">http://kuniweb.gbv.de</marc:controlfield>
          <marc:controlfield tag="005">2018-01-26T13:00:26</marc:controlfield>
          <marc:controlfield tag="008">|           ||||||||||||||||||||||</marc:controlfield>
          <marc:datafield tag="245" ind1="1" ind2="0">
            <marc:subfield code="a">Entwurf einer bischöflichen Residenz mit Kathedrale - Grundriss des Hauptgeschosses</marc:subfield>
          </marc:datafield>
          <marc:datafield tag="720" ind1=" " ind2=" ">
            <marc:subfield code="a">Peter Joseph Krahe</marc:subfield>
          </marc:datafield>
          <marc:datafield tag="655" ind1=" " ind2="7">
            <marc:subfield code="a">Grafik</marc:subfield>
          </marc:datafield>
          <marc:datafield tag="046" ind1=" " ind2=" ">
            <marc:subfield code="k">1785</marc:subfield>
            <marc:subfield code="k">1785 (Italienaufenthalt)</marc:subfield>
          </marc:datafield>
          <marc:datafield tag="260" ind1=" " ind2=" ">
            <marc:subfield code="g">1785</marc:subfield>
            <marc:subfield code="g">1785 (Italienaufenthalt)</marc:subfield>
          </marc:datafield>
          <marc:datafield tag="300" ind1=" " ind2=" ">
            <marc:subfield code="a">Breite: 97,9 cm
Höhe: 67,2 cm</marc:subfield>
          </marc:datafield>
          <marc:datafield tag="520" ind1=" " ind2=" ">
            <marc:subfield code="a">Kathedrale und Residenz sind zu einer umfangreichen Anlage zusammengefügt. Zwei vierflügelige Schlosstrakte mit quadratischen Höfen flankieren die Kathedrale, deren Breite vor den Längsfronten durch eine Vorhalle mit 2 x 12 Säulen und auf der Gegenseite durch entsprechende Sakristeiräume und eine einreihige Säulenhalle gezeigt wird. Eine Freitreppe zwischen blockhaft geschlossenen Wangen führt hinauf, durch eine offene Vorhalle ins Mittelschiff oder durch seitliche Vorräume in die Nebenschiffe. Äußere Abmessungen: 700/300 Fuß, äußere Länge der Kathedrale rund 480 Fuß. Im Inneren ein Mittelschiff mit Vestibül und Chorapsis, anschließend zwei schmale innere und zwei breite äußere Seitenschiffe, die durch Säulenreihen voneinander getrennt werden. Aus den inneren Seiteschiffen führen konzentrisch um die Apsis gelegte Treppen zwischen gebogenen Mauern zu den Gewölben unter den Schiffen. Buchstaben der Legende (A-O) in die einzelnen Räume eingetragen. Maßstabsangaben. (Dorn, Bd. I, S. 236, Kat. 293; Städtisches Museum Braunschweig)

Stempel:
Krahe (168?) (Roter Stempel und Tuschenummerierung oben rechts, Tuschenummer nicht mehr vollständig lesbar.)

Aufschrift:
"Peter Krahe fecit Florentia. 785" "Grundriss eines Entwurffes zu einer Bischöfflichen Cathedral Kirche dem Erlöser und den zwölf Aposteln gewidmet samt den Wohnungen des Bischoffs, Probsten und 24 Capitularen."; (Beschreibung)

Aufschrift:
A Kirche B Vorhalle C Wintercohr D Capitul E Tauffe F Pfarr Capelle G Sacristei H Wohnung des Bischoffs I .................des Probsten K ................des Pfarrer L..................der Capitularen M Treppe zu den Gewölben N Archiv O Vorraths Kammer (Legende unten rechts)

Beschrieben in:
R. Dorn, „Die Studienjahre Peter Joseph Krahes in Düsseldorf und Rom 1778 - 1786 : Untersuchungen des zeichnerischen Nachlasses und beschreibender Katalog. Peter Joseph Krahe / Leben und Werk ; Bd. 1“. Klinkhardt &amp; Biermann, Braunschweig, 1969. (S. 236/ 237, Kat. 293, Abb. 131, S. 357)</marc:subfield>
          </marc:datafield>
          <marc:datafield tag="650" ind1="1" ind2=" ">
            <marc:subfield code="a">Graphik</marc:subfield>
          </marc:datafield>
          <marc:datafield tag="650" ind1="1" ind2=" ">
            <marc:subfield code="a">Dom</marc:subfield>
          </marc:datafield>
          <marc:datafield tag="650" ind1="1" ind2=" ">
            <marc:subfield code="a">Grafik, Fotografie &gt; Zeichnung</marc:subfield>
          </marc:datafield>
          <marc:datafield tag="650" ind1="1" ind2=" ">
            <marc:subfield code="a">Zeichnung/Grafik</marc:subfield>
          </marc:datafield>
          <marc:datafield tag="773" ind1="0" ind2=" ">
            <marc:subfield code="t">Sammlung Grafik</marc:subfield>
          </marc:datafield>
          <marc:datafield tag="852" ind1=" " ind2=" ">
            <marc:subfield code="a">Städtisches Museum Braunschweig</marc:subfield>
          </marc:datafield>
          <marc:datafield tag="852" ind1=" " ind2=" ">
            <marc:subfield code="a">Italien</marc:subfield>
          </marc:datafield>
          <marc:datafield tag="" ind1=" " ind2=" ">
            <marc:subfield code="a">Namensnennung - Nicht kommerziell - Keine Bearbeitungen 4.0 International (CC BY-NC-ND 4.0)</marc:subfield>
          </marc:datafield>
        </marc:record>
      </metadata>
    </record>
  </GetRecord>
</OAI-PMH>
